| 000 | 00835nam a2200277Ia 4500 | ||
|---|---|---|---|
| 003 | OSt | ||
| 005 | 20221005083908.0 | ||
| 006 | a|||||r|||| 00| 0 | ||
| 007 | ta | ||
| 008 | 221004b |||||||| |||| 00| 0 eng d | ||
| 020 |
_a9780199450596 (pbk) _c750 |
||
| 024 | _a22300 | ||
| 037 |
_b12846, 13/03/2015, Uppal Book Stores _cTextual |
||
| 040 |
_aCRL _cCRL _beng |
||
| 041 |
_2eng _aeng |
||
| 082 | _aV2z7, Q3 | ||
| 100 | _aCorbridge Stuart | ||
| 245 | 0 | _aIndia economy politics society | |
| 260 |
_aNew Delhi _bi Oxford University press India _c2014 |
||
| 300 |
_axv, 384p. _ccm. |
||
| 650 | _aHISTORY | ||
| 700 | _a Harriss John | ||
| 700 | _a Jeffrey Craig | ||
| 942 |
_hV2z7, Q3 _cTEXL _2cc |
||
| 999 |
_c991705 _d991705 |
||